00889nam a2200277 a 450000100060000000300080000600500170001400800410003102000150007203500190008704000320010604100080013808200240014610000220017024501500019225000120034226000310035430000380038550000220042365000280044565000420047365000190051565000180053465000290055270000300058160155BD-RjUL20211209080817.0161228s2003 nyuab b 001 0 eng  a0471389145 a(BD-RjUL)60279 aDLCcDLCdDLCdBD-RjULbeng aeng00a363.7223bBOE 20031 aBotkin, Daniel B.10aEnvironmental science :bearth as a living planet /cDaniel B. Botkin, Edward A. Keller ; with assistance from Dorothy B. Rosenthal ... [et al.]. a4th ed. aNew York :bWiley,cc2003. avarious pagings :bill. ;c29 cm. aIncludes indexes. 0aEnvironmental sciences. 0aEnvironmental sciencesvCase studies. 0aHuman ecology. 0aBiodiversity. 0aSustainable development.1 aKeller, Edward A.,d1942-